Countries Where Military Service is Mandatory - Statistics

General Stats
  • This quiz has been taken 193 times
  • The average score is 52 of 68
Answers on the Map
Answers color-coded by a green-red scale on the quiz's map according to % correct below.
 
Answer Stats
Continent Country % Correct
Europe Russia
96%
Asia South Korea
96%
Asia Iran
92%
Asia North Korea
92%
Asia Israel
90%
Europe Ukraine
90%
Asia Turkey
89%
Europe Finland
87%
North America Cuba
86%
Africa Egypt
86%
Africa Algeria
85%
Europe Belarus
85%
South America Brazil
85%
South America Venezuela
84%
South America Colombia
83%
Europe Estonia
83%
Africa Morocco
83%
Europe Norway
83%
Europe Sweden
83%
Africa Niger
82%
Asia Syria
82%
South America Chile
81%
Asia Jordan
81%
Asia Kazakhstan
81%
Europe Lithuania
81%
Asia Thailand
81%
Africa Tunisia
81%
Europe Greece
80%
Africa Sudan
80%
North America Mexico
79%
Asia Armenia
78%
South America Bolivia
78%
Africa Democratic Republic of the Congo
78%
Asia Turkmenistan
78%
Asia Vietnam
78%
Asia Azerbaijan
77%
Asia Cambodia
77%
Asia Georgia
77%
Asia Laos
77%
Africa Chad
76%
Europe Denmark
76%
Africa Mali
76%
Asia Mongolia
76%
South America Paraguay
76%
Europe Switzerland
76%
Asia Taiwan
76%
Asia Tajikistan
76%
Asia Uzbekistan
76%
Asia Kyrgyzstan
75%
Africa South Sudan
75%
Asia United Arab Emirates
75%
Europe Austria
74%
Asia Qatar
74%
Africa Eritrea
72%
Africa Angola
70%
Asia Kuwait
70%
Europe Moldova
69%
Asia Singapore
67%
Asia Cyprus
65%
Africa Senegal
64%
North America Guatemala
62%
North America El Salvador
60%
Africa Benin
58%
Asia Bhutan
58%
Africa Mozambique
58%
Africa Guinea-Bissau
53%
Africa Equatorial Guinea
50%
Africa Cape Verde
44%
No matching quizzes found
Score Distribution
Percent of People with Each Score
Percentile by Number Answered
Your Score History
You have not taken this quiz